| 000 -LEADER | |
|---|---|
| fixed length control field | 00447nam a22001817a 4500 |
| 005 - DATE AND TIME OF LATEST TRANSACTION | |
| control field | 20231103140604.0 |
| 008 - FIXED-LENGTH DATA ELEMENTS--GENERAL INFORMATION | |
| fixed length control field | 231103b |||||||| |||| 00| 0 eng d |
| 020 ## - INTERNATIONAL STANDARD BOOK NUMBER | |
| ISBN | 978-81-315-1485-6 |
| 041 ## - LANGUAGE CODE | |
| Language code of text/sound track or separate title | eng |
| 082 ## - DEWEY DECIMAL CLASSIFICATION NUMBER | |
| Classification number | 543 |
| 100 ## - MAIN ENTRY--AUTHOR NAME | |
| Personal name | KENNEDY, JOHN H. |
| 245 ## - TITLE STATEMENT | |
| Title | ANALYTICAL CHEMISTRY PRINCIPLES [2ND ED.] |
| 250 ## - EDITION STATEMENT | |
| Edition statement | 2ND.ED, |
| 260 ## - PUBLICATION, DISTRIBUTION, ETC. (IMPRINT) | |
| Place of publication | NEW DELHI |
| Name of publisher | CENGAGE LEARNING |
| Year of publication | 1990 |
| 300 ## - PHYSICAL DESCRIPTION | |
| Number of Pages | 936,p |
| 650 ## - SUBJECT ADDED ENTRY--TOPICAL TERM | |
| Topical Term | PHARMACY |
| 942 ## - ADDED ENTRY ELEMENTS (KOHA) | |
| Koha item type | Books |
| Lost status | Damaged status | Collection code | Home library | Current library | Shelving location | Date acquired | Source of acquisition | Cost, normal purchase price | Full call number | Accession Number | Koha item type |
|---|---|---|---|---|---|---|---|---|---|---|---|
| PHARMACY | JRU Library | JRU Library | SHELF-4-E | 03/11/2023 | PURCHASE [LBI000224/29-10-2023] | 1695.00 | 543 | 28082 | Books | ||
| JRU Library | JRU Library | 11/11/2025 | 543 | Books | |||||||
| JRU Library | JRU Library | SHELF-4-E | 11/11/2025 | 543 | Books |